[Event "TUR Cup"]
[Site "Antalya"]
[Date "2017.02.03"]
[Round "10"]
[White "Ataseven, Huseyin"]
[Black "Yazar, Okan"]
[Result "0-1"]
[WhiteElo "1273"]
[BlackElo "1408"]
[PlyCount "107"]
[EventDate "2017.01.28"]
[EventType "swiss"]
[EventRounds "11"]
[EventCountry "TUR"]
[SourceTitle "CBM 176 Extra"]
[Source "ChessBase"]
[SourceDate "2017.03.02"]
[SourceVersion "1"]
[SourceVersionDate "2017.03.02"]
[SourceQuality "1"]

1. c4 c5 2. g3 e6 3. Bg2 Nf6 4. Nf3 Nc6 5. d3 g6 6. 0-0 Bg7 7. Nc3 0-0 8. e4 h6 9. Be3 b6 10. e5 Ng4 11. Qd2 Kh7 12. d4 Nxe3 13. fxe3 cxd4 14. exd4 Rb8 15. Nb5 Ba6 16. Nd6 Ne7 17. b3 Nf5 18. Ne4 Bb7 19. Nc3 f6 20. g4 Bxf3 21. Rxf3 Nh4 22. Rh3 g5 23. Rd1 f5 24. gxf5 exf5 25. Bd5 Qe8 26. Ne2 Qh5 27. Kh1 Rbe8 28. Qd3 Kh8 29. Rf1 d6 30. e6 Re7 31. Ng1 Qg4 32. Ne2 Rxe6 33. Ng1 Re7 34. Qg3 Qxg3 35. hxg3 Ng6 36. Nf3 g4 37. Nh4 Nxh4 38. Rxh4 Kh7 39. Rh2 Bxd4 40. Rd2 Bc5 41. Rb1 Be3 42. Rd3 Bg5 43. Bc6 Rf6 44. Rbd1 f4 45. gxf4 Bxf4 46. a4 Kg6 47. b4 Rfe6 48. Rd4 Re1+ 49. Rxe1 Rxe1+ 50. Kg2 Kg5 51. Kf2 Rb1 52. c5 bxc5 53. bxc5 dxc5 54. Be8 0-1

[Event "TUR Cup"]
[Site "Antalya"]
[Date "2017.02.02"]
[Round "9"]
[White "Mentese, Emrah"]
[Black "Yazar, Okan"]
[Result "0-1"]
[WhiteElo "1140"]
[BlackElo "1408"]
[PlyCount "106"]
[EventDate "2017.01.28"]
[EventType "swiss"]
[EventRounds "11"]
[EventCountry "TUR"]
[SourceTitle "CBM 176 Extra"]
[Source "ChessBase"]
[SourceDate "2017.03.02"]
[SourceVersion "1"]
[SourceVersionDate "2017.03.02"]
[SourceQuality "1"]

1. e4 c5 2. Nf3 Nc6 3. c3 e5 4. d4 exd4 5. cxd4 cxd4 6. Nxd4 g6 7. Nc3 Bg7 8. Be3 Nge7 9. Nxc6 bxc6 10. Qd2 Qa5 11. Bd4 0-0 12. Bxg7 Kxg7 13. Qd4+ f6 14. Bc4 Qe5 15. Qxe5 fxe5 16. Rd1 Rb8 17. Rd2 Ng8 18. 0-0 Nf6 19. Rfd1 Re8 20. Bb3 Re7 21. f3 Bb7 22. Na4 Bc8 23. Nc5 Rb5 24. Na4 h5 25. Nc3 Rb4 26. h4 Bb7 27. Kf2 d5 28. exd5 cxd5 29. Nxd5 Bxd5 30. Bxd5 Rxh4 31. Bb3 Rf4 32. Ke3 h4 33. Rh1 g5 34. Rc2 e4 35. fxe4 Nxe4 36. Rhc1 Nc5+ 37. Kd2 Rd7+ 38. Ke3 Re4+ 39. Kf3 g4+ 40. Kf2 Nd3+ 41. Kg1 Nxc1 42. Rxc1 Rde7 43. Kf1 Kf6 44. Rc6+ Kg5 45. Rc1 g3 46. Bd5 Re2 47. b4 Rf2+ 48. Kg1 Rb2 49. a3 Re3 50. Ra1 Rxa3 51. Rd1 Rd3 52. Bf3 Rxd1+ 53. Bxd1 Rb1 0-1

[Event "TUR Cup"]
[Site "Antalya"]
[Date "2017.01.31"]
[Round "5"]
[White "Yazar, Okan"]
[Black "Alagoz, Ramazan"]
[Result "0-1"]
[WhiteElo "1408"]
[BlackElo "1217"]
[PlyCount "56"]
[EventDate "2017.01.28"]
[EventType "swiss"]
[EventRounds "11"]
[EventCountry "TUR"]
[SourceTitle "CBM 176 Extra"]
[Source "ChessBase"]
[SourceDate "2017.03.02"]
[SourceVersion "1"]
[SourceVersionDate "2017.03.02"]
[SourceQuality "1"]

1. c4 c5 2. Nc3 d6 3. e3 Nf6 4. d4 Nc6 5. Nf3 Bg4 6. Be2 g6 7. h3 Bd7 8. 0-0 Bg7 9. b3 0-0 10. Bb2 a6 11. Rb1 Re8 12. Na4 Ne4 13. Bd3 Nf6 14. dxc5 e5 15. Be2 dxc5 16. Nxc5 b6 17. Nxd7 Nxd7 18. Qd5 Qc7 19. Qd2 Rad8 20. Qe1 Nf6 21. Nd2 e4 22. a3 Ne5 23. Bd4 Re6 24. g4 Nc6 25. Bc3 h6 26. f4 exf3 27. Rxf3 Nxg4 28. Bxg7 Qh2+ 0-1

[Event "Manavgat Turkey Cup"]
[Site "Manavgat"]
[Date "2016.02.05"]
[Round "10"]
[White "Yazar, Okan"]
[Black "Erdeniz, Mehmet"]
[Result "1-0"]
[WhiteElo "1285"]
[BlackElo "1651"]
[PlyCount "173"]
[EventDate "2016.01.30"]
[EventType "swiss"]
[EventRounds "11"]
[EventCountry "TUR"]
[SourceTitle "CBM 170 Extra"]
[Source "ChessBase"]
[SourceDate "2016.02.25"]
[SourceVersion "1"]
[SourceVersionDate "2016.02.25"]
[SourceQuality "1"]

1. e4 e5 2. d3 Nc6 3. g3 Nf6 4. Bg2 h6 5. Ne2 d5 6. exd5 Nxd5 7. c4 Ndb4 8. 0-0 Nxd3 9. a3 Bg4 10. h3 Bf5 11. b4 Qf6 12. Nbc3 Rc8 13. Nd5 Qe6 14. Be3 Be7 15. Qb3 0-0 16. Rad1 e4 17. f4 Bd8 18. g4 Bxg4 19. hxg4 Qxg4 20. Nd4 Bh4 21. b5 Nxd4 22. Bxd4 c6 23. Ne3 Qg3 24. Nf5 Qg4 25. Nxh4 Qxh4 26. bxc6 Rxc6 27. Be3 Rg6 28. Rxd3 exd3 29. Qxd3 Rd8 30. Qe2 Re8 31. Qf3 Qe7 32. Bd2 Qc5+ 33. Rf2 b6 34. f5 Rf6 35. Bc3 Qxc4 36. Bxf6 gxf6 37. Bf1 Qc5 38. Kh1 Kh7 39. Be2 Rg8 40. Bf1 Rg5 41. Bh3 Qc1+ 42. Rf1 Qc7 43. Bg4 Qc4 44. Bh3 Qh4 45. Kh2 Qd4 46. Rf2 Qa1 47. Rg2 Qe5+ 48. Rg3 h5 49. Kg2 Kh6 50. Rxg5 fxg5 51. Qc6+ f6 52. Kf1 g4 53. Qc1+ Kg7 54. Bg2 Qxf5+ 55. Ke1 Qe5+ 56. Kf1 g3 57. Qd1 Qf4+ 58. Bf3 h4 59. Kg2 Kh6 60. Qd5 Qe5 61. Qd2+ Qg5 62. Qd7 Qg7 63. Qd2+ Kg6 64. Qd3+ f5 65. Qd6+ Qf6 66. Qd2 f4 67. Qd3+ Kh6 68. Kh3 Qe7 69. Qf5 Qg5 70. Qf8+ Qg7 71. Qxf4+ Qg5 72. Qd6+ Kh7 73. Be4+ Kh8 74. Qb8+ Kg7 75. Qxa7+ Kh6 76. Qxb6+ Kg7 77. Qd4+ Kf8 78. Qd6+ Ke8 79. Bc6+ Kf7 80. Qd5+ Qxd5 81. Bxd5+ Kf6 82. Kxh4 Ke5 83. Bg2 Kd6 84. Kxg3 Kc5 85. a4 Kb6 86. Bf1 Ka5 87. Bb5 1-0